000 01475cab a2200253 4500
001 ABS68855
008 050329n2005 000 0 eng u
035 _a(Sirsi) u129190
100 _aHogarth, A.
245 _aPlanning for the future
260 _c2005
490 _aEstates Gazette
_v(0509) 5 March 2005, 182-85(3)
520 _aLooks at the primacy of the development plan in the process of development of land. The plan's status is set out in the Town and Country Planning Act 1990 s54 (A), now updated by s38 (6) of the Planning and Compulsory Act 2004. Planning decisions must accord with plans unless material considerations militate against it and planning decisions may be invalid if based on irrelevant considerations. Considers what constitutes material considerations, examines "PPG 3: Housing" and its sequential test to ensure that the location of new residential development meets housing requirements in the most sustainable way, "RPG 9: Regional housing policy" and some of the Barker review's development recommendations and insights including the need to set a new market affordability target.
590 _aABS
650 _aTOWN AND COUNTRY PLANNING ACT 1990 S54(A)
650 _aPLANNING AND COMPULSORY PURCHASE ACT 2004
650 _aPLANNING DECISIONS
650 _aPPG3
650 _aRPG9
650 _aHOUSING
650 _aBARKER REVIEW OF HOUSING SUPPLY: SECURING OUR FUTURE HOUSING NEEDS
690 _aPLANNING
942 _n0
999 _c74988
_d74988